00438pab a2200157 454500008004000000100001600040245007800056260000900134300001300143362001100156650002200167650002100189650002900210650002100239773002000260180718b2005 xxu||||| |||| 00| 0 eng d aSingh, S.N. aEducational empowerment of weaker sections in India: the present scenario c2005 ap.55-65. a21 Nov aEducation - India aScheduled castes aBackward classes - India aBackward classes aUniversity News